000 00792nam a22002297a 4500
999 _c8820
_d8820
001 8820
003 BD-JhCC
005 20180304121650.0
008 180222s1984 bg a|||| ||a| 000 0 ben d
035 _a(BD-JhCC)8820
040 _aBD-JhCC
_dBD-JhCC
041 _aben
082 _a530.00
_bALI 1984
100 _aআলী, এম ইন্নাস
245 _aবলবিদ্যা পদার্থের সাধারণ ধর্ম ও শব্দবিদ্যা /
_cএম ইন্নাস আলী; সুলতান আহমদ
260 _aঢাকাঃ
_bবাংলা একাডেমী,
_c1984.
300 _a587p. :
_c22 cm.
650 _aPhysics
700 _aআহমদ, সুলতান
942 _2ddc
_cBK